|
|
|
|
| LEADER |
00000nam0a2200000 4500 |
| 001 |
12242 |
| 005 |
20231101204823.0 |
| 010 |
|
|
|a 5060035573
|
| 035 |
|
|
|a (RuTPU)RU\TPU\book\12318
|
| 035 |
|
|
|a BOOK00012384
|
| 090 |
|
|
|a 12242
|
| 100 |
|
|
|a 20011209d1999 m y0rusy50 ca
|
| 101 |
0 |
|
|a rus
|
| 102 |
|
|
|a RU
|
| 105 |
|
|
|a a j 000zy
|
| 200 |
1 |
|
|a Лабораторные и семинарские занятия по общей и неорганической химиии
|e учебное пособие
|f Н. С. Ахметов, М. К. Азизова, Л. И. Бадыгина
|
| 205 |
|
|
|a 3-е изд., перераб. и доп.
|
| 210 |
|
|
|a Москва
|c Высшая школа
|d 1999
|
| 215 |
|
|
|a 368 с.
|c ил.
|
| 451 |
|
1 |
|0 (RuTPU)RU\TPU\book\125952
|y 5-06-003557-3
|t Лабораторные и семинарские занятия по общей и неорганической химии
|o учебное пособие
|f Н. С. Ахметов, М. К. Азизова , Л. И. Бадыгина
|e 4-е изд., испр.
|c М.
|n Высшая школа
|d 2002
|p 367 с.
|a Ахметов, Наиль Сибгатович
|
| 606 |
1 |
|
|a Химия общая
|2 stltpush
|3 (RuTPU)RU\TPU\subj\67862
|9 83510
|
| 606 |
1 |
|
|a Неорганическая химия
|2 stltpush
|3 (RuTPU)RU\TPU\subj\67586
|9 83311
|
| 610 |
1 |
|
|a практические работы
|
| 610 |
1 |
|
|a лабораторные занятия
|
| 610 |
1 |
|
|a семинарские занятия
|
| 610 |
1 |
|
|a учебные пособия
|
| 675 |
|
|
|a 54(076.5)
|v 3
|
| 675 |
|
|
|a 546(076.5)
|v 3
|
| 700 |
|
1 |
|a Ахметов
|b Н. С.
|g Наиль Сибгатович
|
| 701 |
|
1 |
|a Азизова
|b М. К.
|g Маргарита Константиновна
|
| 701 |
|
1 |
|a Бадыгина
|b Л. И.
|g Лилия Исламовна
|
| 801 |
|
0 |
|a RU
|b 63413507
|c 20011209
|g PSBO
|
| 801 |
|
2 |
|a RU
|b 63413507
|c 20160128
|g PSBO
|
| 942 |
|
|
|c BK
|